| 000 | 00671nam a22001937a 4500 | ||
|---|---|---|---|
| 999 |
_c192648 _d192648 |
||
| 005 | 20220928145710.0 | ||
| 010 | _aB-745723 | ||
| 020 |
_a9789388548700 _c925.00 |
||
| 037 | _bLexisNexis | ||
| 082 | _a000 | ||
| 100 | _aArora, Manish | ||
| 245 |
_aUniversal's Guide To CLAT & LL.B: _cManish Arora _bEntrance Examination/ |
||
| 250 | _a30th | ||
| 260 |
_aHaryana _bLexisNexis _c2020 |
||
| 270 |
_bHaryana _a14th floor,Building No 10,Tower-B,DLF Cyber City,Phase-II _e122002 _k911244774444 _mhelp.in@lexisnexis.com |
||
| 300 |
_av,1237p _c24cm (pbk) |
||
| 942 |
_2ddc _cEN _h000 _mARO |
||